Zločiny beze cti : na památku všech žen, které byly v Jordánsku zabity ve jménu cti /

Hlavní autor: Wold, Lene, 1987-
Další autoři: Šverčičová, Lenka
Jazyk: Čeština
Vydáno: Praha : Ikar, 2019
Vydání: Vydání první
Témata:
Fyzický popis: 221 stran ; 21 cm
Knihy
Uloženo v:
LEADER 02818nam a2200757 i 4500
001 nkc20193087432
003 CZ PrNK
005 20190905105355.0
007 ta
008 190408s2019 xr g 000 1dcze
015 |a cnb003087432 
020 |a 978-80-249-3897-4  |q (vázáno) 
035 |a (OCoLC)1119011641 
040 |a OLA001  |b cze  |d ABA001  |e rda 
041 1 |a cze  |k eng  |h nor 
043 |a a-jo--- 
045 |a x9y1 
072 7 |a 343  |x Trestní právo  |2 Konspekt  |9 16 
072 7 |a 929  |x Biografie  |2 Konspekt  |9 8 
080 |a 28-055.2  |2 MRF 
080 |a 343.3/.7-058.6-055.2  |2 MRF 
080 |a 343.611:17.022.1  |2 MRF 
080 |a 316.356.2  |2 MRF 
080 |a 340.141  |2 MRF 
080 |a 342.726-055.2  |2 MRF 
080 |a 929  |2 MRF 
080 |a (569.5)  |2 MRF 
080 |a (0:82-322.6)  |2 MRF 
080 |a (0:82-96)  |2 MRF 
100 1 |a Wold, Lene,  |d 1987-  |7 xx0238047  |4 aut 
240 1 0 |a Ære være mine døtre.  |l Česky 
245 1 0 |a Zločiny beze cti :  |b na památku všech žen, které byly v Jordánsku zabity ve jménu cti /  |c Lene Woldová ; z anglického originálu No honour in crime ... přeložila Lenka Šverčičová 
250 |a Vydání první 
264 1 |a Praha :  |b Ikar,  |c 2019 
300 |a 221 stran ;  |c 21 cm 
336 |a text  |b txt  |2 rdacontent 
337 |a bez média  |b n  |2 rdamedia 
338 |a svazek  |b nc  |2 rdacarrier 
500 |a Přeloženo z anglického překladu norského originálu 
504 |a Obsahuje bibliografii 
648 4 |a 1995-2014 
648 7 |a 20.-21. století  |7 ch462155  |2 czenas 
650 0 7 |a muslimky  |7 ph205097  |z Jordánsko  |y 20.-21. století  |2 czenas 
650 0 7 |a ženy jako oběti trestných činů  |7 ph127969  |z Jordánsko  |2 czenas 
650 0 7 |a vraždy ze cti  |7 ph494814  |z Jordánsko  |2 czenas 
650 0 7 |a rodinné vztahy  |7 ph135535  |z Jordánsko  |2 czenas 
650 0 7 |a zvykové právo  |7 ph127705  |z Jordánsko  |2 czenas 
650 0 7 |a práva žen  |7 ph136918  |z Jordánsko  |2 czenas 
650 0 9 |a Muslim women  |z Jordan  |y 20th-21st centuries  |2 eczenas 
650 0 9 |a crimes against women  |z Jordan  |2 eczenas 
650 0 9 |a honour killings  |z Jordan  |2 eczenas 
650 0 9 |a family relationships  |z Jordan  |2 eczenas 
650 0 9 |a common law  |z Jordan  |2 eczenas 
650 0 9 |a women's rights  |z Jordan  |2 eczenas 
655 7 |a biografické příběhy  |7 fd131953  |2 czenas 
655 7 |a literatura faktu  |7 fd132773  |2 czenas 
655 9 |a biographical stories  |2 eczenas 
655 9 |a non-fiction  |2 eczenas 
700 1 |a Šverčičová, Lenka  |7 xx0119852  |4 trl 
765 0 8 |i Název anglického překladu:  |t No honour in crime  |9 Česky 
910 2 |a BOA001  |b 2-1431.551 
928 9 |a Euromedia Group - Ikar 
990 |a BK 
995 |a 01 
991 |b 201909  |c NOV 
996 6 |b 2610789522  |c 2-1431.551  |l MZK  |r Sklad / do 1 hodiny  |n 1  |p p.v.  |w 001736781  |u 000010  |a 1  |e BOA001  |j MZK50  |s P